[Event "FICGS class C 000148 email"]
[Site "FICGS email"]
[Date "2010.06.18"]
[Round "1"]
[White "Leclerc, Sophie"]
[Black "Leblond, Victorien"]
[Result "1-0"]
[WhiteElo "1688"]
[BlackElo "1700"]
[PlyCount "25"]
[EventDate "2010.??.??"]
[EventType "tourn (corr)"]
[EventRounds "5"]
[SourceTitle "Corr 2013"]
[Source "ChessBase"]
[SourceDate "2012.11.12"]
[SourceVersion "1"]
[SourceVersionDate "2012.11.12"]
[SourceQuality "1"]

1. f4 Nf6 2. Nf3 g6 3. d3 d5 4. g3 Bg7 5. Bg2 0-0 6. 0-0 c5 7. Nc3 Nc6 8. e4 d4 9. Na4 b6 10. Bd2 e5 11. Qe2 exf4 12. Bxf4 Re8 13. Qd2 1-0

[Event "FICGS rapid B 000152 email"]
[Site "FICGS email"]
[Date "2010.06.17"]
[Round "1"]
[White "Sternik, Ryszard"]
[Black "Leblond, Victorien"]
[Result "1-0"]
[WhiteElo "1803"]
[BlackElo "1700"]
[PlyCount "57"]
[EventDate "2010.??.??"]
[EventType "tourn (rapid)"]
[EventRounds "5"]
[SourceTitle "Corr 2013"]
[Source "ChessBase"]
[SourceDate "2012.11.12"]
[SourceVersion "1"]
[SourceVersionDate "2012.11.12"]
[SourceQuality "1"]

1. e4 c5 2. Nf3 d6 3. d4 cxd4 4. Nxd4 Nf6 5. Nc3 Nc6 6. Bb5 Bd7 7. 0-0 g6 8. Re1 Bg7 9. Nf3 0-0 10. Nd5 a6 11. Bf1 Bg4 12. h3 Bxf3 13. Qxf3 Nd7 14. c3 e6 15. Nf4 Rc8 16. Qg3 Nce5 17. Nd3 Nc4 18. Bf4 Nf6 19. Qh4 d5 20. e5 Ne4 21. Qxd8 Rfxd8 22. f3 Nc5 23. Nxc5 Rxc5 24. b3 Na3 25. Rac1 Rdc8 26. Bd2 R5c6 27. g3 Nb5 28. c4 dxc4 29. Rxc4 1-0